|
|
|
|
| LEADER |
01000nam a2200301 a 4500 |
| 001 |
1122 |
| 005 |
20150812110343.0 |
| 008 |
150811s1995 enka d 000 0 eng |
| 010 |
|
|
|a 95155383
|
| 020 |
|
|
|a 0521588359
|
| 020 |
|
|
|a 0521484693 (flexicover)
|
| 020 |
|
|
|a 0521482364 (hardback)
|
| 020 |
|
|
|a 0521484219 (pbk.)
|
| 035 |
|
|
|a (OCoLC)32779333
|
| 035 |
|
|
|a (OCoLC)ocm32779333
|
| 035 |
|
|
|a (NNC)1713834
|
| 040 |
|
|
|a DLC
|c DLC
|
| 050 |
0 |
0 |
|a PE1628
|b .C23 1995
|
| 082 |
0 |
0 |
|a 423
|2 20
|
| 245 |
0 |
0 |
|a Cambridge international dictionary of English.
|
| 260 |
|
|
|a Cambridge ;
|a New York :
|b Cambridge University Press,
|c 1995.
|
| 300 |
|
|
|a 1773 p. :
|b ill. ;
|c 24 cm.
|
| 541 |
|
|
|e 1122
|
| 650 |
|
0 |
|a English language
|v Dictionaries.
|9 13666
|
| 650 |
|
0 |
|a English language
|v Textbooks for foreign speakers.
|9 5579
|
| 942 |
|
|
|2 ddc
|c BK
|
| 999 |
|
|
|c 35207
|d 35207
|
| 952 |
|
|
|0 0
|1 0
|2 ddc
|4 0
|6 423_000000000000000_CAM
|7 0
|9 55196
|a SCL
|b SCL
|c GEN
|d 2015-08-12
|l 0
|o 423 CAM
|p 3020001122
|r 2015-08-12
|t 1
|w 2015-08-12
|y BK
|